Datum a čas kvízu
13.5
Celkem bodů
Celkový počet nahraných bodů na tomto kvízu bez doplňovacích otázek.
8.
Pořadí na kvízu
Konečné umístění týmu na tomto kvízu.
Zaznamenané odpovědi
| # | Otázka | Odpověď | Body | Výsledky |
|---|---|---|---|---|
| 1. | Symbolický poslední vozík s tu... | Lazy | 0 | |
| 2. | O tom, že Pláničkova metoda zv... | Pomocí virtuální reality. | 0 | |
| 3. | Část sbírek z jedné z nejslavn... | Zelená klenba (Grünes Gewölbe) | 0 | |
| 4. | Podnikatel a vizionář Elon Mus... | TMBK | 0 | |
| 5. | Biatlonová sezona byla zahájen... | Dorothea Wiererová | 0 | |
| 6. | V tomto tématu se podíváme na... | korunní lístek | 0 | |
| 7. | Tato britská indierocková kape... | Florence and the Machine | 0 | |
| 8. | Jak se jmenuje tento pilot For... | Daniil Kvjat | 0 | |
| 9. | Z následujících rostlin vybert... | D | 0 | |
| 10. | Zřejmě nejslavnější českou fil... | dědeček vycinkal | 0 |